000 00790nam a2200253 i 4500
001 000032856
003 DO-SdBNP
005 20240305122052.0
007 ta
008 090706s1949 dr r 000 0 spa d
040 _aDO-SdBNP
_bspa
_cBNPHU
_erda
082 _a972.93
_bH565c
_222
100 1 _aHerrera, César A.,
_d1910-1988
_eautor
_98333
245 1 0 _aCuadros históricos dominicanos /
_cCésar A. Herrera.
264 _aSanto Domingo :
_bImpresora Dominicana,
_c1949.
300 _a95 paginas ;
_c24 cm.
336 _2rdacontent
_atexto
_btxt
337 _2rdamedia
_asin mediación
_bn
338 _2rdacarrier
_avolumen
_bnc
590 _aInventariado, 2018/BT
651 4 _aRepública Dominicana
_xHistoria
_9170
910 _aValidado. Control de calidad. MFF
942 _2ddc
_cLBS1
999 _c32347
_d32347